| 000 | 00353nam a22001577a 4500 | ||
|---|---|---|---|
| 003 | macl | ||
| 005 | 20160204124041.0 | ||
| 008 | 160204b xxu||||| |||| 00| 0 eng d | ||
| 040 | _cmacl | ||
| 041 | _aEnglish | ||
| 082 | _a823/JEN | ||
| 100 |
_aJena Anjan Kumar _936855 |
||
| 245 | _aNite My Friend | ||
| 260 |
_aBhubaneswar _c2008 |
||
| 942 |
_2ddc _cBK |
||
| 999 |
_c53222 _d53222 |
||